000 00800cam9a220024100 4500
001 tmp15848566
003 UPRA
005 20190815134134.0
008 951107s1991 xx eng u
035 _a(Sirsi) r36320
035 _a(UPRA)tmp15848566
040 _cUPRA
100 1 _aSavant, C. J.
_6A1824.1
245 1 0 _aElectronic design :
_bcircuits and systems.
260 _c1991.
949 _aTK7867
_wlcc
_i33729001870281
_mMAIN
_p2500
_tSHORTLOAN
_lSHORTLOAN
949 _aTK7867
_wlcc
_i-42978
_mMAIN
_p2500
_tBOOK
_lON-SHELF
949 _aTK7867
_wlcc
_i-42979
_mMAIN
_p2500
_tBOOK
_lON-SHELF
949 _aTK7867
_wlcc
_i-42980
_mMAIN
_p2500
_tBOOK
_lON-SHELF
949 _aTK7867
_wlcc
_i-42981
_mMAIN
_p2500
_tBOOK
_lON-SHELF
949 _aTK7867
_wlcc
_i-42982
_mMAIN
_p2500
_tBOOK
_lON-SHELF
004 36320
999 _c77109
_d77109